Guess The German State / French Region! - Statistics

General Stats
  • This quiz has been taken 116 times
  • The average score is 11 of 29
Answer Stats
Picture Answer % Correct
Normandie
76%
Berlin
74%
Hamburg
70%
Hessen
70%
Île-de-France
63%
Schleswig-Holstein
51%
Mecklenburg-Vorpommern
47%
Baden-Württemberg
46%
Rheinland-Pfalz
44%
Provence-Alpes-Côte d'Azur
43%
Bremen
39%
Sachsen
39%
Thüringen
37%
Grand Est
36%
Bayern
35%
Saarland
35%
Brandenburg
34%
Bretagne
31%
Niedersachsen
31%
Nordrhein-Westfalen
30%
Centre-Val de Loire
29%
Corse
29%
Nouvelle-Aquitaine
26%
Sachsen-Anhalt
26%
Hauts-de-France
24%
Auvergne-Rhône-Alpes
23%
Pays de la Loire
22%
Occitanie
18%
Bourgogne-Franche-Comté
16%
No matching quizzes found
Score Distribution
Percent of People with Each Score
Percentile by Number Answered
Your Score History
You have not taken this quiz